Normal view
MARC view
- مكحول،باسم/نصر عطياني؛التحرير اللغوي عبدالرحمن ابو شمالة(عربي)،كارن مان(انجليزي)؛ترجمة الملخص الانجليزي سمير محمود
Entry Personal Name
001 - CONTROL NUMBER
- control field: 7328
003 - CONTROL NUMBER IDENTIFIER
- control field: JO-AjAnu
005 - DATE AND TIME OF LATEST TRANSACTION
- control field: 20230606071503.0
008 - FIXED-LENGTH DATA ELEMENTS
- fixed length control field: 230606|| aca||aabn | a|a d
040 ## - CATALOGING SOURCE
- Original cataloging agency: JO-AjAnu
- Transcribing agency: JO-AjAnu
100 ## - HEADING--PERSONAL NAME
- Personal name: مكحول،باسم/نصر عطياني؛التحرير اللغوي عبدالرحمن ابو شمالة(عربي)،كارن مان(انجليزي)؛ترجمة الملخص الانجليزي سمير محمود
670 ## - SOURCE DATA FOUND
- Source citation: Work cat.: (JO-AjAnu)3792: مكحول،باسم/نصر عطياني؛التحرير اللغوي عبدالرحمن ابو شمالة(عربي)،كارن مان(انجليزي)؛ترجمة الملخص الانجليزي سمير محمود, author, هيكل التكاليف واقتصاديات الحجم في الصناعات الفلسطينية واثرهما على القدرة التنافسية